Online obchod

Prezentácie, ktoré odzneli na seminári Obchod connecting 2007 - online nákupy na Slovensku, kto nakupuje prostredníctvom internetu, spojenie kamennej a internetovej predajne pri predaji spotrebnej elektroniky môže priniesť ovocie, online raklama.

Na minha lista:
Detalhes bibliográficos
Formato: Capítulo de Livro
Idioma:eslovaco
Assuntos:
Tags: Adicionar Tag
Sem tags, seja o primeiro a adicionar uma tag!

MARC

LEADER 00000naa$a2200000$$$4500
001 0065652
005 20231128092706.6
041 0 |a slo 
044 |a SK 
245 1 0 |a Online obchod 
520 |a Prezentácie, ktoré odzneli na seminári Obchod connecting 2007 - online nákupy na Slovensku, kto nakupuje prostredníctvom internetu, spojenie kamennej a internetovej predajne pri predaji spotrebnej elektroniky môže priniesť ovocie, online raklama. 
610 2 0 |a obchod elektronický 
610 2 0 |a predajne 
610 2 0 |a internet 
610 2 0 |a Slovensko 
610 2 0 |a semináre